[Event "Rottach Egern Seniors Cup 11th"]
[Site "Rottach Egern"]
[Date "2023.04.16"]
[Round "2"]
[White "Zschorsch, Peter"]
[Black "Walther, Renate"]
[Result "1-0"]
[WhiteElo "1734"]
[BlackElo "1215"]
[PlyCount "77"]
[EventDate "2023.04.15"]
[EventType "swiss"]
[EventRounds "9"]
[EventCountry "GER"]
[SourceTitle "EXT 2024"]
[Source "ChessBase"]
[SourceDate "2023.10.10"]
[SourceVersion "1"]
[SourceVersionDate "2023.10.10"]
[SourceQuality "1"]

1. e4 e5 2. Nf3 Nc6 3. Bc4 f6 4. d4 d6 5. dxe5 dxe5 6. Qxd8+ Nxd8 7. Be3 Bd7 8. Nbd2 Ne6 9. Nb3 Bd6 10. c3 Ne7 11. Rd1 0-0 12. Nc5 Bc8 13. Nxe6 Bxe6 14. Bxe6+ Kh8 15. 0-0 b6 16. Rd2 Rab8 17. Rfd1 Ng6 18. g3 Ne7 19. Nh4 g5 20. Nf5 Rbd8 21. Nxe7 Bxe7 22. Rd7 Bd6 23. Rxd8 Rxd8 24. c4 c5 25. b4 cxb4 26. c5 Be7 27. Rxd8+ Bxd8 28. cxb6 axb6 29. Kf1 Kg7 30. Ke2 Kf8 31. Kd3 b5 32. Bd7 b3 33. axb3 b4 34. Kc4 Ke7 35. Bf5 h6 36. Bc5+ Ke8 37. Kxb4 Bc7 38. Kb5 Kd8 39. Kc6 1-0

[Event "Bad Woerishofen Seniors op 32nd"]
[Site "Bad Woerishofen"]
[Date "2016.02.28"]
[Round "3"]
[White "Zschorsch, Peter"]
[Black "Lange, Manfred"]
[Result "0-1"]
[WhiteElo "1941"]
[BlackElo "2098"]
[PlyCount "122"]
[EventDate "2016.02.26"]
[EventType "swiss"]
[EventRounds "9"]
[EventCountry "GER"]
[SourceTitle "EXT 2019"]
[Source "ChessBase"]
[SourceDate "2018.10.10"]
[SourceVersion "1"]
[SourceVersionDate "2018.10.10"]
[SourceQuality "1"]

1. e4 e5 2. Nf3 Nc6 3. Bc4 Nf6 4. d3 Bc5 5. 0-0 d6 6. a3 Bg4 7. b4 Bb6 8. c3 h6 9. Nbd2 0-0 10. Ba2 a5 11. Nc4 axb4 12. axb4 Ba7 13. Ne3 Bxe3 14. fxe3 d5 15. exd5 Nxd5 16. Bd2 b5 17. h3 Be6 18. Qc2 Qd7 19. Kh2 Rfd8 20. d4 exd4 21. exd4 Qd6+ 22. g3 Qd7 23. Ng1 Nb6 24. Bxe6 Qxe6 25. Rfe1 Qc4 26. Qb2 Rxa1 27. Rxa1 Qd3 28. Be1 Re8 29. Qd2 Qc4 30. Bf2 Nd5 31. Rc1 Re6 32. Rc2 Rf6 33. Kg2 Nde7 34. Qe2 Qd5+ 35. Kh2 Qf5 36. g4 Qd7 37. Nf3 Qd5 38. Ng1 Re6 39. Qf3 Qc4 40. Qd1 Nd5 41. Ne2 Nce7 42. Qd2 Ng6 43. Kg3 Qc6 44. Kh2 Qe8 45. Ra2 c6 46. Bg3 Ne3 47. Kg1 Nc4 48. Qc2 Re3 49. Kh2 Re4 50. Kg1 Qe6 51. Be5 Re3 52. Nf4 Qe8 53. Nxg6 fxg6 54. Qf2 Rxh3 55. Qf1 Rxc3 56. Qa1 Rd3 57. Qf1 Nxe5 58. Re2 Rxd4 59. Qa1 Rxg4+ 60. Kh1 Rg5 61. Qd4 Qe6 0-1

[Event "Wuertemberg-ch Seniors 27th"]
[Site "Freudenstadt"]
[Date "2015.07.08"]
[Round "6"]
[White "Kelchner, Hans"]
[Black "Zschorsch, Peter"]
[Result "1-0"]
[WhiteElo "2176"]
[BlackElo "1968"]
[PlyCount "103"]
[EventDate "2015.07.03"]
[EventType "swiss"]
[EventRounds "9"]
[EventCountry "GER"]
[SourceTitle "EXT 2016"]
[Source "ChessBase"]
[SourceDate "2015.10.08"]
[SourceVersion "1"]
[SourceVersionDate "2015.10.08"]
[SourceQuality "1"]

1. c4 g6 2. g3 Bg7 3. Bg2 c5 4. Nf3 Nf6 5. d4 cxd4 6. Nxd4 Nc6 7. Nc3 0-0 8. 0-0 Nxd4 9. Qxd4 d6 10. Qd3 Rb8 11. e4 b6 12. h3 Nd7 13. Qc2 Ne5 14. b3 Nc6 15. Bb2 Bd7 16. Ne2 Bxb2 17. Qxb2 Qc8 18. Kh2 b5 19. cxb5 Rxb5 20. Rac1 Qa6 21. Nc3 Ra5 22. Nd5 f6 23. Rc2 Kf7 24. Rfc1 Rc8 25. Bf1 Qb7 26. b4 Rb8 27. a3 a6 28. Qa2 Rb5 29. Bxb5 axb5 30. Qb2 Ra8 31. Qc3 Ra6 32. Qe3 Qb8 33. Qh6 Qg8 34. Rc3 g5 35. Qh5+ Qg6 36. Qxg6+ hxg6 37. g4 e6 38. Nc7 Rb6 39. Nxb5 Nxb4 40. Nxd6+ Rxd6 41. axb4 Ke7 42. Kg3 Rd4 43. Rc4 Rd3+ 44. f3 Rd6 45. Rc5 Rb6 46. Rb1 f5 47. Kf2 Ra6 48. Rb2 Rb6 49. e5 f4 50. Rd2 Rb7 51. b5 Rxb5 52. Rxd7+ 1-0

[Event "Wuertemberg-ch Seniors 27th"]
[Site "Freudenstadt"]
[Date "2015.07.07"]
[Round "5"]
[White "Thonig, Manfred"]
[Black "Zschorsch, Peter"]
[Result "0-1"]
[WhiteElo "1629"]
[BlackElo "1968"]
[PlyCount "116"]
[EventDate "2015.07.03"]
[EventType "swiss"]
[EventRounds "9"]
[EventCountry "GER"]
[SourceTitle "EXT 2016"]
[Source "ChessBase"]
[SourceDate "2015.10.08"]
[SourceVersion "1"]
[SourceVersionDate "2015.10.08"]
[SourceQuality "1"]

1. f4 d5 2. Nf3 Nf6 3. e3 Bg4 4. Be2 e6 5. 0-0 Nc6 6. d4 Bxf3 7. Bxf3 Bd6 8. c3 0-0 9. Nd2 b5 10. a3 a5 11. Be2 Qb8 12. Nf3 Ne7 13. Ne5 c5 14. g4 Bxe5 15. fxe5 Ne4 16. Qc2 c4 17. Bf3 Ng5 18. h4 Nxf3+ 19. Rxf3 f6 20. exf6 Rxf6 21. Rxf6 Qg3+ 22. Qg2 Qxg2+ 23. Kxg2 gxf6 24. Bd2 Kf7 25. Rf1 Rg8 26. Kh3 Nc8 27. g5 f5 28. Kg3 Nd6 29. Kf4 Ne4 30. Be1 Ke7 31. Rg1 Kd7 32. h5 Nf6 33. Rh1 Ne4 34. Rg1 Nf6 35. Rh1 Ng4 36. h6 Kc6 37. Bh4 Kd7 38. Rd1 Kc6 39. Bg3 Kd7 40. Rh1 Ke7 41. Bh4 Kf7 42. Bg3 Kg6 43. Rh4 Rf8 44. Rh1 Re8 45. Re1 e5+ 46. dxe5 Nxe5 47. Rd1 Nd3+ 48. Kf3 Ra8 49. Bf4 b4 50. a4 Ra7 51. Rd2 Rb7 52. Ke2 bxc3 53. bxc3 Rb2 54. Rxb2 Nxb2 55. Kd2 Nxa4 56. Kc2 Nc5 57. Kb2 Ne4 58. Kc2 Nxg5 0-1

[Event "Wuertemberg-ch Seniors 27th"]
[Site "Freudenstadt"]
[Date "2015.07.05"]
[Round "3"]
[White "Schuetze, Manfred"]
[Black "Zschorsch, Peter"]
[Result "1-0"]
[WhiteElo "1853"]
[BlackElo "1968"]
[PlyCount "109"]
[EventDate "2015.07.03"]
[EventType "swiss"]
[EventRounds "9"]
[EventCountry "GER"]
[SourceTitle "EXT 2016"]
[Source "ChessBase"]
[SourceDate "2015.10.08"]
[SourceVersion "1"]
[SourceVersionDate "2015.10.08"]
[SourceQuality "1"]

1. e4 c5 2. Nf3 Nc6 3. Bb5 a6 4. Bxc6 dxc6 5. d3 Bg4 6. h3 Bxf3 7. Qxf3 e5 8. Nc3 Qb6 9. 0-0 Nf6 10. Nd1 Nd7 11. Ne3 h6 12. a4 g6 13. Nc4 Qc7 14. a5 Bg7 15. Qg3 0-0 16. f4 b5 17. axb6 Nxb6 18. Nxe5 Rfe8 19. Qf2 Nd7 20. Nc4 Kh7 21. Be3 Red8 22. Kh1 Nb6 23. Nxb6 Qxb6 24. Rab1 Bd4 25. b3 Ra7 26. Qe2 Qc7 27. Bxd4 cxd4 28. Ra1 c5 29. Qf2 a5 30. f5 Qe5 31. Qf4 Qxf4 32. Rxf4 g5 33. Rff1 f6 34. g4 Kg8 35. Ra4 Rd6 36. Rfa1 Rda6 37. Kg2 Kf7 38. Kf3 Ke7 39. Re1 Kd6 40. Rh1 h5 41. gxh5 Rh7 42. Rha1 Rha7 43. Kg4 Ke7 44. h4 gxh4 45. Kxh4 Ra8 46. Rg1 Kf7 47. h6 Rg8 48. Rxg8 Kxg8 49. Kh5 Kh7 50. Ra1 Ra7 51. Rg1 a4 52. bxa4 Rxa4 53. Rg7+ Kh8 54. Rc7 Ra1 55. Kg6 1-0

[Event "Wuertemberg-ch Seniors 27th"]
[Site "Freudenstadt"]
[Date "2015.07.04"]
[Round "2"]
[White "Zschorsch, Peter"]
[Black "Selig, Rainer"]
[Result "0-1"]
[WhiteElo "1968"]
[BlackElo "2129"]
[PlyCount "48"]
[EventDate "2015.07.03"]
[EventType "swiss"]
[EventRounds "9"]
[EventCountry "GER"]
[SourceTitle "EXT 2016"]
[Source "ChessBase"]
[SourceDate "2015.10.08"]
[SourceVersion "1"]
[SourceVersionDate "2015.10.08"]
[SourceQuality "1"]

1. e4 d5 2. exd5 Nf6 3. Nc3 Nxd5 4. Nxd5 Qxd5 5. Qf3 Be6 6. Qxd5 Bxd5 7. d4 Nc6 8. c3 e5 9. dxe5 Nxe5 10. f3 Bd6 11. Nh3 0-0-0 12. Be2 Rhe8 13. 0-0 Nc4 14. Bd3 Bc5+ 15. Nf2 Ne3 16. Bxe3 Rxe3 17. Kh1 Rxf3 18. Ne4 Rxd3 19. Nxc5 Rd2 20. Rg1 Rxb2 21. h3 Bc6 22. Nb3 Rd3 23. Kh2 Rxc3 24. Nd4 Bd7 0-1

[Event "Bayern-ch Seniors op 27th"]
[Site "Bergen"]
[Date "2015.06.15"]
[Round "7"]
[White "Zschorsch, Peter"]
[Black "Lubberich, Alfred"]
[Result "1-0"]
[WhiteElo "1772"]
[BlackElo "1616"]
[PlyCount "87"]
[EventDate "2015.06.15"]
[EventType "swiss"]
[EventRounds "9"]
[EventCountry "GER"]
[SourceTitle "EXT 2019"]
[Source "ChessBase"]
[SourceDate "2018.10.10"]
[SourceVersion "1"]
[SourceVersionDate "2018.10.10"]
[SourceQuality "1"]

1. e4 c5 2. d4 cxd4 3. c3 dxc3 4. Nxc3 d6 5. Bc4 Nc6 6. Nf3 a6 7. 0-0 e6 8. Qe2 b5 9. Bd3 Bb7 10. Bf4 Be7 11. Rac1 e5 12. Be3 Nf6 13. h3 0-0 14. Rfd1 h6 15. Bb1 Rc8 16. Nh4 b4 17. Na4 Qa5 18. b3 Nd4 19. Bxd4 exd4 20. Nf5 Qe5 21. f4 Qe6 22. Nxd4 Qd7 23. Nb6 Rxc1 24. Rxc1 Qd8 25. Na4 Re8 26. Nf5 Bf8 27. Ng3 Qa8 28. Re1 Qa7+ 29. Kh1 Bc6 30. Nb2 Qd4 31. Nf5 Qc3 32. Nd1 Qc5 33. Nf2 g6 34. Ng4 Nxg4 35. Qxg4 Kh7 36. Nh4 h5 37. Qg3 Qc3 38. Nf3 Bh6 39. h4 Qf6 40. Ng5+ Bxg5 41. hxg5 Qc3 42. Kh2 d5 43. e5 d4 44. f5 1-0

[Event "Wuerttemberg-ch Seniors op 26th"]
[Site "Freudenstadt"]
[Date "2014.07.22"]
[Round "7"]
[White "Zschorsch, Peter"]
[Black "Klein, Peter1111"]
[Result "1-0"]
[WhiteElo "1981"]
[BlackElo "1809"]
[PlyCount "47"]
[EventDate "2014.07.16"]
[EventType "swiss"]
[EventRounds "9"]
[EventCountry "GER"]
[SourceTitle "EXT 2019"]
[Source "ChessBase"]
[SourceDate "2018.10.10"]
[SourceVersion "1"]
[SourceVersionDate "2018.10.10"]
[SourceQuality "1"]

1. e4 e5 2. Nf3 Nc6 3. Bc4 Bc5 4. 0-0 Nf6 5. d3 0-0 6. c3 a6 7. a4 h6 8. b4 Bd6 9. h3 b6 10. Na3 Ne7 11. Nc2 Ng6 12. Ne3 a5 13. Nf5 Be7 14. Qb3 d6 15. g3 Ba6 16. Bxa6 Rxa6 17. Kh2 axb4 18. cxb4 Qd7 19. b5 Raa8 20. N3h4 Nxh4 21. Nxh4 Kh7 22. Nf5 Qe6 23. Qxe6 fxe6 24. Nxe7 1-0

[Event "Wuerttemberg-ch Seniors op 26th"]
[Site "Freudenstadt"]
[Date "2014.07.17"]
[Round "2"]
[White "Hoeschele, Hans Ulrich"]
[Black "Zschorsch, Peter"]
[Result "1-0"]
[WhiteElo "2067"]
[BlackElo "1981"]
[PlyCount "85"]
[EventDate "2014.07.16"]
[EventType "swiss"]
[EventRounds "9"]
[EventCountry "GER"]
[SourceTitle "EXT 2019"]
[Source "ChessBase"]
[SourceDate "2018.10.10"]
[SourceVersion "1"]
[SourceVersionDate "2018.10.10"]
[SourceQuality "1"]

1. d4 Nf6 2. c4 c5 3. Nf3 cxd4 4. Nxd4 Nc6 5. Nc3 a6 6. e3 g6 7. Be2 Bg7 8. Nc2 d6 9. e4 Qc7 10. 0-0 Ne5 11. Ne3 0-0 12. Bd2 e6 13. Rc1 Nc6 14. b3 b6 15. Bd3 Bb7 16. Ncd5 Qd8 17. Nxf6+ Bxf6 18. Bb1 Bg7 19. f4 a5 20. Kh1 Rc8 21. Qg4 Nd4 22. f5 Rc5 23. Rce1 Kh8 24. Qh3 exf5 25. exf5 Kg8 26. Ng4 Bc8 27. fxg6 fxg6 28. Nh6+ Bxh6 29. Qxh6 Rh5 30. Rxf8+ Qxf8 31. Qxf8+ Kxf8 32. Bf4 Nf5 33. Be4 Nd4 34. Bxd6+ Kg7 35. Bd5 Kf6 36. Rf1+ Rf5 37. Rxf5+ gxf5 38. Bc7 b5 39. Bxa5 bxc4 40. Bxc4 Nc6 41. Bc3+ Kg5 42. Kg1 Kf4 43. Kf2 1-0

[Event "Bayern-ch op Seniors 26th"]
[Site "Bergen"]
[Date "2014.06.28"]
[Round "8"]
[White "Jehn, Detlef"]
[Black "Zschorsch, Peter"]
[Result "0-1"]
[WhiteElo "1449"]
[BlackElo "1788"]
[PlyCount "110"]
[EventDate "2014.06.21"]
[EventType "swiss"]
[EventRounds "7"]
[EventCountry "GER"]
[SourceTitle "EXT 2018"]
[Source "ChessBase"]
[SourceDate "2017.10.13"]
[SourceVersion "1"]
[SourceVersionDate "2017.10.13"]
[SourceQuality "1"]

1. e4 c5 2. Bc4 e6 3. Nf3 Nc6 4. 0-0 Na5 5. Be2 Ne7 6. d4 cxd4 7. Nxd4 a6 8. c3 g6 9. b4 Nac6 10. Be3 Bg7 11. Nxc6 bxc6 12. Qd6 0-0 13. a4 Re8 14. a5 c5 15. Bxc5 Nc6 16. Ra3 Bf8 17. Qg3 Bxc5 18. bxc5 Nxa5 19. Qd6 Nb7 20. Qd4 Qc7 21. Rxa6 Rxa6 22. Bxa6 Nxc5 23. Bb5 e5 24. Qe3 Bb7 25. Nd2 Ra8 26. c4 Ra2 27. f3 Qd6 28. Rf2 Nd3 29. Re2 Bc8 30. Nf1 Rxe2 31. Qxe2 Nf4 32. Qe3 Ne6 33. g3 Nd4 34. Kg2 Qb4 35. Qd2 Qb3 36. Ne3 Kg7 37. f4 Nxb5 38. cxb5 Qxb5 39. f5 f6 40. fxg6 hxg6 41. Ng4 g5 42. Qd6 Qe2+ 43. Nf2 Qh5 44. g4 Qf7 45. Qd5 Qxd5 46. exd5 Bb7 47. Kf3 Bxd5+ 48. Ne4 Kf7 49. Ke3 Bxe4 50. Kxe4 Ke6 51. Ke3 Kd5 52. h3 e4 53. h4 gxh4 54. Kf4 h3 55. Kg3 e3 0-1

[Event "Bayern-ch op Seniors 26th"]
[Site "Bergen"]
[Date "2014.06.27"]
[Round "7"]
[White "Zschorsch, Peter"]
[Black "Lueders, Guenter"]
[Result "1-0"]
[WhiteElo "1788"]
[BlackElo "1659"]
[PlyCount "41"]
[EventDate "2014.06.21"]
[EventType "swiss"]
[EventRounds "7"]
[EventCountry "GER"]
[SourceTitle "EXT 2018"]
[Source "ChessBase"]
[SourceDate "2017.10.13"]
[SourceVersion "1"]
[SourceVersionDate "2017.10.13"]
[SourceQuality "1"]

1. e4 c5 2. d4 cxd4 3. c3 d3 4. c4 d6 5. Bxd3 Nc6 6. Be2 Nf6 7. Nc3 g6 8. Nf3 Bg7 9. 0-0 0-0 10. h3 b6 11. Bf4 Bb7 12. Qd2 Rc8 13. b3 Qd7 14. Rad1 Rfd8 15. Qe3 Qe8 16. Nd5 Rd7 17. Bh6 Rcd8 18. Bxg7 Kxg7 19. Nh4 Nxd5 20. exd5 Nb4 21. Qc3+ 1-0

[Event "Baden-ch Seniors"]
[Site "Birkenfeld"]
[Date "2013.06.01"]
[Round "8"]
[White "Zschorsch, Peter"]
[Black "Krause, Christian"]
[Result "0-1"]
[WhiteElo "1961"]
[BlackElo "2175"]
[PlyCount "80"]
[EventDate "2013.05.25"]
[EventType "swiss"]
[EventRounds "9"]
[EventCountry "GER"]
[SourceTitle "EXT 2014"]
[Source "ChessBase"]
[SourceDate "2013.11.20"]
[SourceVersion "1"]
[SourceVersionDate "2013.11.20"]
[SourceQuality "1"]

1. e4 d6 2. d4 g6 3. Bc4 Nf6 4. Nc3 c6 5. Nf3 Bg7 6. 0-0 d5 7. exd5 cxd5 8. Bb5+ Bd7 9. Bxd7+ Nbxd7 10. Qd3 0-0 11. Re1 e6 12. Bf4 Ne8 13. Nd1 a6 14. c3 Ndf6 15. h3 Nd6 16. Nh2 Rc8 17. Be5 Nc4 18. Bf4 Ne4 19. b3 Ncd6 20. f3 Qh4 21. Rf1 Qxf4 22. fxe4 Qxe4 23. Qf3 Qxf3 24. Nxf3 Ne4 25. Rc1 b5 26. Re1 Rc7 27. c4 bxc4 28. bxc4 Nd6 29. c5 Nb5 30. Nf2 Nxd4 31. Ne5 Rfc8 32. Nfd3 Bf8 33. Rb1 Bxc5 34. Kh1 Kg7 35. Nxc5 Rxc5 36. Rb7 R8c7 37. Reb1 Nb5 38. Rb6 Rc1+ 39. Rxc1 Rxc1+ 40. Kh2 Nc7 0-1

[Event "Bayern-ch Seniors 23rd"]
[Site "Bergen"]
[Date "2011.06.04"]
[Round "8"]
[White "Scheuerlein, Gerhard"]
[Black "Zschorsch, Peter"]
[Result "0-1"]
[WhiteElo "1586"]
[BlackElo "1794"]
[PlyCount "74"]
[EventDate "2011.05.28"]
[EventType "swiss"]
[EventRounds "9"]
[EventCountry "GER"]
[SourceTitle "EXT 2012"]
[Source "ChessBase"]
[SourceDate "2011.11.24"]
[SourceVersion "1"]
[SourceVersionDate "2011.11.24"]
[SourceQuality "1"]

1. d4 Nf6 2. c4 c5 3. d5 b5 4. cxb5 a6 5. b6 Qxb6 6. Nc3 d6 7. e4 g6 8. Nf3 Bg7 9. Nd2 Bd7 10. Nc4 Qc7 11. Qb3 0-0 12. Qb6 Ra7 13. Bd3 Qxb6 14. Nxb6 Bb5 15. Nc4 Nbd7 16. Bd2 Bxc4 17. Bxc4 Ne5 18. Be2 Rb8 19. Rb1 Rab7 20. Bc1 Rb4 21. f3 Nc4 22. Nd1 Na3 23. Bd2 Nc2+ 24. Kf2 Rxe4 25. Bd3 Ra4 26. Ke2 Nb4 27. Bxb4 Raxb4 28. b3 Nxd5 29. Bxa6 Ra8 30. a3 Rd4 31. Bc4 Nf4+ 32. Kf2 Rxa3 33. Nc3 Nd3+ 34. Ke2 Ne5 35. Rhd1 Nxc4 36. Rxd4 Bxd4 37. Nd5 Ra2+ 0-1

[Event "Bayern-ch Seniors 23rd"]
[Site "Bergen"]
[Date "2011.06.03"]
[Round "7"]
[White "Zschorsch, Peter"]
[Black "Flockerzi, Armin"]
[Result "1/2-1/2"]
[WhiteElo "1794"]
[BlackElo "1707"]
[PlyCount "86"]
[EventDate "2011.05.28"]
[EventType "swiss"]
[EventRounds "9"]
[EventCountry "GER"]
[SourceTitle "EXT 2012"]
[Source "ChessBase"]
[SourceDate "2011.11.24"]
[SourceVersion "1"]
[SourceVersionDate "2011.11.24"]
[SourceQuality "1"]

1. Nf3 Nf6 2. c4 g6 3. g3 c6 4. Bg2 Bg7 5. 0-0 d6 6. Nc3 0-0 7. d3 Na6 8. Bd2 Re8 9. a3 Nc7 10. b4 a6 11. Qc2 d5 12. Rab1 d4 13. Na4 e5 14. Nb6 Rb8 15. Nxc8 Rxc8 16. e3 Bh6 17. exd4 Bxd2 18. Qxd2 exd4 19. Rfe1 Rxe1+ 20. Rxe1 Qd6 21. Qb2 Re8 22. Bh3 b6 23. Re5 Nd7 24. Re4 c5 25. Qd2 f5 26. Rh4 Qf6 27. Ng5 Nf8 28. Bg2 h5 29. Qf4 Nce6 30. Nxe6 Nxe6 31. Qd2 Kg7 32. bxc5 Nxc5 33. Bd5 Rf8 34. Qb2 Nxd3 35. Qxd4 Qxd4 36. Rxd4 Nc5 37. Rd1 Rd8 38. Rc1 Kf6 39. Bg2 Rd6 40. h4 a5 41. Rb1 Na4 42. Rb3 Nc5 43. Rb1 Na4 1/2-1/2

[Event "Bayern-ch Seniors 23rd"]
[Site "Bergen"]
[Date "2011.06.01"]
[Round "5"]
[White "Zschorsch, Peter"]
[Black "Krug, Juergen"]
[Result "1-0"]
[WhiteElo "1794"]
[BlackElo "1667"]
[PlyCount "101"]
[EventDate "2011.05.28"]
[EventType "swiss"]
[EventRounds "9"]
[EventCountry "GER"]
[SourceTitle "EXT 2012"]
[Source "ChessBase"]
[SourceDate "2011.11.24"]
[SourceVersion "1"]
[SourceVersionDate "2011.11.24"]
[SourceQuality "1"]

1. d4 d5 2. Nf3 Nf6 3. Bg5 Ne4 4. Bf4 Nd7 5. e3 c6 6. Bd3 Qa5+ 7. c3 Ndf6 8. h3 h6 9. Qc2 Bf5 10. Ne5 e6 11. g4 Bh7 12. f3 Nd6 13. Nd2 Bxd3 14. Nxd3 Nc4 15. Nxc4 dxc4 16. Ne5 Qa6 17. Qe2 b5 18. Bg3 Be7 19. 0-0 Rd8 20. Rfd1 0-0 21. a4 Qb7 22. axb5 cxb5 23. e4 Nd7 24. Nxd7 Rxd7 25. Kg2 Rfd8 26. h4 g6 27. Rh1 Qc6 28. Bf4 Kh7 29. Qc2 Kg7 30. Qd2 Rh8 31. g5 h5 32. Be5+ f6 33. gxf6+ Bxf6 34. Qg5 Rf8 35. Rhg1 Rdf7 36. Bxf6+ Rxf6 37. Rxa7+ R8f7 38. Rxf7+ Kxf7 39. Ra1 Qc7 40. Qxb5 Kg7 41. Qg5 Qb7 42. Kg3 Qf7 43. f4 Qb7 44. Qe5 Qf7 45. Ra4 Kg8 46. Ra8+ Kh7 47. Rc8 Qg7 48. Rc7 Rf7 49. Qxg7+ Kxg7 50. Rxf7+ Kxf7 51. Kf3 1-0

[Event "Bayern-ch Seniors 23rd"]
[Site "Bergen"]
[Date "2011.05.28"]
[Round "1"]
[White "Zschorsch, Peter"]
[Black "Sandner, Josef"]
[Result "1-0"]
[WhiteElo "1794"]
[BlackElo "1462"]
[PlyCount "41"]
[EventDate "2011.05.28"]
[EventType "swiss"]
[EventRounds "9"]
[EventCountry "GER"]
[SourceTitle "EXT 2012"]
[Source "ChessBase"]
[SourceDate "2011.11.24"]
[SourceVersion "1"]
[SourceVersionDate "2011.11.24"]
[SourceQuality "1"]

1. e4 c5 2. d4 cxd4 3. c3 d3 4. Bxd3 d6 5. Qc2 Nf6 6. Bf4 g6 7. Nd2 Bg7 8. h3 Nc6 9. Ngf3 0-0 10. 0-0 Bd7 11. Rac1 Rc8 12. Qb1 Qa5 13. Be2 Be6 14. Bc4 Bxc4 15. Nxc4 Qc7 16. Ne3 Rfd8 17. Rcd1 e6 18. Rfe1 e5 19. Bg5 h6 20. Bxf6 Bxf6 21. Nd5 1-0

[Event "Bayern-ch Seniors 22nd"]
[Site "Bergen"]
[Date "2010.06.17"]
[Round "6"]
[White "Zschorsch, Peter"]
[Black "Levin, Benjamin"]
[Result "1/2-1/2"]
[WhiteElo "1721"]
[BlackElo "1579"]
[PlyCount "99"]
[EventDate "2010.06.12"]
[EventType "swiss"]
[EventRounds "9"]
[EventCountry "GER"]
[SourceTitle "EXT 2011"]
[Source "ChessBase"]
[SourceDate "2010.11.26"]
[SourceVersion "1"]
[SourceVersionDate "2010.11.26"]
[SourceQuality "1"]

1. e4 c5 2. Nc3 d6 3. Bc4 a6 4. a4 Nf6 5. d3 e5 6. Nd5 Nxd5 7. Bxd5 Be7 8. Nf3 0-0 9. h4 Nd7 10. Bd2 Nf6 11. Bb3 Bd7 12. c3 Qc8 13. a5 Bb5 14. c4 Bd7 15. Qc1 Qc7 16. Bd1 Rfb8 17. b3 b5 18. axb6 Qxb6 19. Ba5 Qb7 20. Nd2 Qc8 21. Nf1 Bd8 22. Bxd8 Qxd8 23. Ne3 a5 24. h5 Rb4 25. g4 Bc6 26. f3 a4 27. bxa4 Bxa4 28. Rh2 Bxd1 29. Nxd1 Rxa1 30. Qxa1 h6 31. Rb2 Rxb2 32. Qxb2 Ne8 33. Ne3 Qh4+ 34. Qf2 Qxf2+ 35. Kxf2 g6 36. Kg3 Kg7 37. f4 Kf6 38. f5 gxh5 39. Kh4 hxg4 40. Nxg4+ Kg7 41. Kh5 f6 42. Nxh6 Nc7 43. Ng4 Na6 44. Nf2 Nb4 45. Kh4 Nc2 46. Kg3 Kh6 47. Kh4 Ne1 48. Kg4 Ng2 49. Nh3 Ne1 50. Nf2 1/2-1/2

[Event "Bayern-ch Seniors 22nd"]
[Site "Bergen"]
[Date "2010.06.15"]
[Round "4"]
[White "Zschorsch, Peter"]
[Black "Janzen, Christian"]
[Result "1-0"]
[WhiteElo "1721"]
[BlackElo "1562"]
[PlyCount "39"]
[EventDate "2010.06.12"]
[EventType "swiss"]
[EventRounds "9"]
[EventCountry "GER"]
[SourceTitle "EXT 2011"]
[Source "ChessBase"]
[SourceDate "2010.11.26"]
[SourceVersion "1"]
[SourceVersionDate "2010.11.26"]
[SourceQuality "1"]

1. e4 e5 2. Nf3 Nc6 3. Bc4 Be7 4. d4 exd4 5. Nxd4 Bf6 6. c3 d6 7. Nxc6 bxc6 8. Be3 h5 9. Nd2 Be6 10. Bxe6 fxe6 11. Qb3 Qc8 12. Qc4 Ne7 13. Nf3 g6 14. 0-0 c5 15. e5 Bg7 16. Rfd1 Nf5 17. Bg5 Kf7 18. Rd2 a5 19. Bf4 Qa6 20. Ng5+ 1-0

[Event "Bayern-ch Seniors 22nd"]
[Site "Bergen"]
[Date "2010.06.12"]
[Round "1"]
[White "Mittelstaedt, Ewald"]
[Black "Zschorsch, Peter"]
[Result "1-0"]
[WhiteElo "1460"]
[BlackElo "1721"]
[PlyCount "103"]
[EventDate "2010.06.12"]
[EventType "swiss"]
[EventRounds "9"]
[EventCountry "GER"]
[SourceTitle "EXT 2011"]
[Source "ChessBase"]
[SourceDate "2010.11.26"]
[SourceVersion "1"]
[SourceVersionDate "2010.11.26"]
[SourceQuality "1"]

1. d4 Nf6 2. Nf3 c5 3. d5 g6 4. c4 b5 5. Qc2 bxc4 6. Nc3 d6 7. e4 Nbd7 8. Bxc4 a6 9. 0-0 Bg7 10. Re1 Qc7 11. Na4 Ng4 12. h3 Nge5 13. Nxe5 Nxe5 14. Be2 0-0 15. Rb1 a5 16. f4 Nd7 17. b3 Qa7 18. Bc4 Nb6 19. Nxb6 Qxb6 20. Bd2 Bd7 21. Qd3 Qa7 22. a4 Rfd8 23. Kh2 e6 24. g4 Qc7 25. Kg2 Re8 26. f5 exf5 27. gxf5 Qd8 28. Qg3 Be5 29. Qg4 Kh8 30. Bg5 Bf6 31. h4 Rg8 32. Qf4 Qe7 33. Bxf6+ Qxf6 34. Kf3 gxf5 35. e5 Qg6 36. Rg1 Qh5+ 37. Kf2 Rg4 38. Rxg4 Qxg4 39. Qxg4 fxg4 40. e6 fxe6 41. dxe6 Bc6 42. Rd1 Rf8+ 43. Kg3 h5 44. Rxd6 Bb7 45. e7 Rf3+ 46. Kh2 Rh3+ 47. Kg1 Rh1+ 48. Kf2 Rh2+ 49. Kg3 Rh3+ 50. Kf4 Rf3+ 51. Kg5 Re3 52. Rd8+ 1-0